| 000 | 01311nam a22003017a 4500 | ||
|---|---|---|---|
| 999 |
_c1411 _d1411 |
||
| 001 | 1396 | ||
| 003 | BD-DhUAP | ||
| 005 | 20210120152714.0 | ||
| 008 | 200206s1995 mnuar 0 a0eng c | ||
| 020 | _a0314065598 | ||
| 040 |
_aFXG _bEng _cFXG _dBD-DhUAP |
||
| 082 | 0 |
_223 _a343.73052 SOL |
|
| 245 | 0 | 0 |
_aSolutions manual to accompany West's Federal taxation : _bindividual income taxes / _cEdited by William H. Hoffman... [et al.] |
| 250 | _a1996 annual edition. | ||
| 260 |
_aSt. Paul : _bWest Pub., _cc1995. |
||
| 300 |
_avarious pages ; _c26 cm. |
||
| 500 | _aIncludes instructor's guide and solutions manual; and Master tax: user's guide and documentation. | ||
| 500 | _aEditors: <1978-80> L.C. Phillips and W.H. Hoffman. | ||
| 515 | _aIssue for 2002 called also 25th anniversary. | ||
| 530 | _aAlso issued on CD-ROM. | ||
| 580 | _aAccompanied by: Introduction to computerized tax planning with AATAXCOM. | ||
| 580 | _aCan be used with: West-tax preparer ... to accompany West's federal taxation, and: Introduction to computerized tax planning with the BNA income tax spreadsheet. | ||
| 590 | _aSERBIB/SERLOC merged record | ||
| 650 | 0 |
_aIncome tax _xLaw and legislation _zUnited States. |
|
| 650 | 7 |
_aIncome tax _xLaw and legislation. |
|
| 700 | _aHoffma, William H. | ||
| 942 |
_2ddc _cBK |
||